000 00291nam a2200121Ia 4500
008 151213s9999 xx 000 0 und d
020 _aMissing Accession no
245 _aMissing Accession no
260 _aMissing Accession no
300 _a5303 p.
650 _aComputer
650 _aComputer
999 _c3260
_d3260